| 000 | 00343 a2200145 4500 | ||
|---|---|---|---|
| 001 | 92026 | ||
| 082 | _a006.31 ALP | ||
| 090 |
_c43983 _d43982 |
||
| 100 | _aEthem Alpaydin | ||
| 245 | _aIntroduction to Machine learning 2e | ||
| 250 | _a2e | ||
| 260 |
_aInida _bPHI Leaning _c2010 |
||
| 300 |
_axxvii,537p. _bHb |
||
| 500 | _aReference book | ||
| 942 |
_aCAE NUST _k006.31 ALP |
||
| 999 |
_c327099 _d327099 |
||